Đo lường và điều khiển bằng máy tính /

Giao diện của máy tính trong đo lường và điều khiển; Các mạch số; Các mạch điều khiển với bộ biến đổi A/D; Các mạch điều khiển với bộ biến đổi D/A; Sự ghép nối bus ở cổng nối tiếp RS 232; Ghép nối với thiết bị đo lường......

ver descrição completa

Na minha lista:
Detalhes bibliográficos
Autor principal: Ngô Diên Tập.
Formato: Livro
Idioma:Vietnamese
Publicado em: Hà Nội : Khoa học và kỹ thuật, 1999.
Assuntos:
Tags: Adicionar Tag
Sem tags, seja o primeiro a adicionar uma tag!
Thư viện lưu trữ: Mạng thư viện Đại học Đà Nẵng
LEADER 01281cam a2200385 i 4500
001 000042769
003 644
005 20041027163448.0
008 010217b1999 vm 000 vie
020 |c 32000 
022 |a T 
040 |a IRC  |c IRC  |d IRC 
041 0 |a vie 
082 1 4 |a 621.39  |b NG-T 
100 1 |a Ngô Diên Tập. 
245 1 0 |a Đo lường và điều khiển bằng máy tính /  |c Ngô Diên Tập. 
260 |a Hà Nội :  |b Khoa học và kỹ thuật,  |c 1999. 
300 |a 326 tr. ;  |c 24 cm. 
520 3 |a Giao diện của máy tính trong đo lường và điều khiển; Các mạch số; Các mạch điều khiển với bộ biến đổi A/D; Các mạch điều khiển với bộ biến đổi D/A; Sự ghép nối bus ở cổng nối tiếp RS 232; Ghép nối với thiết bị đo lường... 
630 0 4 |a Điện tử. 
630 0 4 |a Máy tính. 
630 0 4 |a Điều khiển. 
630 0 4 |a Đo lường. 
650 0 4 |a Đo lường  |x Máy tính. 
650 0 4 |a Điều khiển  |x Máy tính. 
OWN |a DUT 
999 |a From the UDN01 
TYP |a Monograph 
TYP |a Printed language 
980 |a Mạng thư viện Đại học Đà Nẵng